Barcelona Current Squad by Photos (25/26) - Statistics

General Stats
  • This quiz has been taken 149 times
    37 since last reset
  • The average score is 19 of 22
Answer Stats
Picture Hint Answer % Correct
#3 Alejandro Balde
100%
#1 Marc-André ter Stegen
100%
#4 Ronald Araujo
100%
#5 Pau Cubarsí
97%
#13 Joan Garcia
94%
#20 Dani Olmo
91%
#21 Frenkie de Jong
91%
#23 Jules Koundé
91%
#10 Lamine Yamal
91%
#14 Marcus Rashford
91%
#11 Raphinha
91%
#9 Robert Lewandowski
91%
#25 Wojciech Szczesny
91%
#7 Ferran Torres
88%
#6 Gavi
88%
#8 Pedri
88%
#24 Eric García
84%
#16 Fermín López
81%
#15 Andreas Christensen
69%
#18 Gerard Martín
66%
#17 Marc Casadó
66%
#28 Roony Bardghji
63%
No matching quizzes found
Score Distribution
Percent of People with Each Score
Percentile by Number Answered
Your Score History
You have not taken this quiz since the last reset